00481cam a2200181ua 45000010005000000080039000050200015000440400009000590410008000680820012000761000031000882450056001192500009001752600029001843000011002136530041002246530034002658446150130n ii |||gr||||Z||||||eng a8189293494 cMAIN aeng a808.103 aGangopadhyay, A.,eAuthor.1 aGlossary pf grammatical termscBy Avik Gangopadhyay a1st. aKolkatta:bBooks,c2009. a82p.,. aRhetoric & collections of literature aGlossary of grammatical terms